| 000 | 00000nam 2200000zi 4500 |
| 001 | 9.867649 |
| 003 | CaOODSP |
| 005 | 20241118085515 |
| 006 | m o d f |
| 007 | cr ||||||||||| |
| 008 | 190128t20192019onc o f000 0 eng d |
| 020 | |a9780660294100 |
| 040 | |aCaOODSP|beng|erda|cCaOODSP |
| 086 | 1 |aEn4-363/4-2019E-PDF |
| 245 | 00|aTank tip 6 : |bpreparing your emergency plan. |
| 264 | 1|a[Ottawa] : |bEnvironment and Climate Change Canada = Environnement et Changement climatique Canada,|c[2019] |
| 264 | 4|c©2019 |
| 300 | |a1 online resource (2 unnumbered pages) |
| 336 | |atext|btxt|2rdacontent |
| 337 | |acomputer|bc|2rdamedia |
| 338 | |aonline resource|bcr|2rdacarrier |
| 500 | |aIssued also in French under title: Sachez stocker 4 : préparation de votre plan d’urgence. |
| 650 | 0|aOil storage tanks|xLaw and legislation|zCanada. |
| 650 | 0|aPetroleum products|xStorage|xLaw and legislation|zCanada. |
| 710 | 1 |aCanada. |bEnvironment and Climate Change Canada. |
| 775 | 08|tSachez stocker 6 : |w(CaOODSP)9.867650 |
| 794 | |tTank tip 6 : |w(CaOODSP)9.919533 |
| 856 | 40|qPDF|s1.32 MB|uhttps://publications.gc.ca/collections/collection_2020/eccc/En4-363-4-2019-eng.pdf |